Music Quiz

Random Music or Lyrics Quiz

Adele: Rolling in the Deep (Lyrics) Quiz Stats

Quiz Updated May 30, 2015

Also try: Adele Songs
Challenge
Share
Tweet
Embed
Score 0/295 Timer 10:00
12 Plays Today
% Correct
the
99.4%
the
99.4%
the
99.4%
the
99.4%
the
99.4%
the
99.4%
the
99.4%
the
99.4%
the
99.4%
the
99.4%
the
99.4%
the
99.4%
the
99.4%
the
99.4%
in
99%
in
99%
in
99%
in
99%
in
99%
in
99%
in
99%
I
98.8%
I
98.8%
I
98.8%
I
98.8%
I
98.8%
a
98.3%
a
98.3%
a
98.3%
a
98.3%
a
98.3%
you
96.4%
you
95.6%
you
95.6%
you
95.6%
you
95.6%
you
95.6%
you
95.6%
you
95.6%
you
95.6%
you
95.6%
you
95.6%
you
95.6%
you
95.6%
you
95.6%
it
94.9%
my
94.8%
my
94.8%
my
94.8%
my
94.8%
my
94.8%
my
94.8%
it
94.2%
it
94.2%
it
94.2%
it
94.2%
it
94.2%
it
94.2%
it
94.2%
it
94.2%
it
94.2%
it
94.2%
rolling
94%
deep
94%
rolling
94%
deep
94%
deep
94%
rolling
94%
heart
93.6%
heart
93.6%
heart
93.6%
heart
93.6%
heart
93.6%
and
89.8%
and
89.8%
and
89.8%
and
89.8%
and
89.8%
and
89.8%
and
89.8%
and
89.8%
had
88.4%
had
88.4%
had
88.4%
had
88.4%
had
88.4%
had
88.4%
had
88.4%
had
88.4%
me
88.3%
me
88.3%
me
88.3%
me
88.3%
me
88.3%
me
88.3%
me
88.3%
me
88.3%
me
88.3%
me
88.3%
% Correct
me
88.3%
there
88.2%
your
86.3%
your
86.3%
your
86.3%
your
86.3%
your
86.3%
your
86.3%
your
86.3%
your
86.3%
your
86.3%
your
86.3%
your
86.3%
your
86.3%
fire
86.1%
fire
86.1%
all
85.4%
all
85.4%
all
85.4%
all
85.4%
all
85.4%
we
85.2%
we
85.2%
we
85.2%
we
85.2%
we
85.2%
There's
84.8%
there's
84.8%
of
83.4%
of
83.4%
of
83.4%
of
83.4%
of
83.4%
of
83.4%
of
83.4%
of
83.4%
of
83.4%
of
83.4%
of
83.4%
of
83.4%
could
83.2%
could
83.2%
could
83.2%
have
83.1%
have
83.1%
have
83.1%
have
83.1%
to
82%
to
82%
to
82%
to
82%
to
82%
be
77.1%
be
77.1%
can
76.4%
out
75.9%
out
75.9%
out
75.9%
starting
75.9%
starting
75.9%
fever
75.7%
fever
75.7%
dark
75.5%
dark
75.5%
reaching
74.1%
reaching
74.1%
see
72.7%
see
72.7%
you'll
72.5%
it's
72.3%
it's
72.3%
on
72%
bringing
71.1%
bringing
71.1%
go
70.2%
pitch
70.2%
pitch
70.2%
played
70%
played
70%
played
70%
played
70%
played
70%
beat
69.6%
beat
69.6%
beat
69.6%
played
69.2%
love
69.1%
love
69.1%
love
69.1%
love
69.1%
hand
68%
hand
68%
hand
68%
that
67.4%
that
67.4%
that
67.4%
do
67.4%
I
65.7%
clear
65.6%
% Correct
crystal
65.1%
inside
62.9%
inside
62.9%
inside
62.9%
finally
62.3%
think
58.3%
they
57.5%
they
57.5%
they
57.5%
they
57.5%
us
55.8%
us
55.8%
can't
55.1%
can't
55.1%
keep
54.6%
keep
54.6%
every
54.5%
every
54.5%
ahead
54%
leave
53.9%
leave
53.9%
leave
53.9%
scars
53.8%
scars
53.8%
scars
53.8%
scars
53.8%
remind
53.1%
remind
53.1%
no
53%
burn
52.8%
thinking
52%
thinking
52%
will
52%
I'll
51.8%
but
51.3%
but
51.3%
don't
51.3%
help
51%
help
51%
almost
50.6%
almost
50.6%
how
50.5%
feeling
49.8%
feeling
49.8%
breathless
49.6%
breathless
49.6%
with
49.1%
things
48%
piece
47.8%
underestimate
46.8%
soul
45.9%
ship
45.8%
head
45.6%
sell
45.5%
lay
43.8%
bare
42.6%
what
42.4%
what
42.4%
told
42.1%
story
41.1%
for
40.2%
depths
39.9%
despair
39.4%
make
39.2%
gonna
34.8%
baby
34.5%
one
33.9%
down
33.5%
I'm
33.3%
door
33.3%
just
31.8%
open
31.5%
home
31.1%
make
29.8%
I've
29.6%
find
29.1%
through
28.9%
count
28.6%
into
28.2%
won't
28.2%
heard
28.1%
blessings
27.9%
look
27.8%
mine
26.9%
reap
26.4%
throw
26.1%
turn
26%
gold
25.8%
sorrow
25.5%
sow
25.3%
back
25.1%
as
24.3%
shared
24.1%
treasured
22.8%
sure
21%
pay
19%
kind
17.5%

You're not logged in!

Compare scores with friends on all Sporcle quizzes.
Sign Up with Email
OR
Log In

You Might Also Like...

Show Comments

Extras

Top Quizzes Today


Score Distribution

Your Account Isn't Verified!

In order to create a playlist on Sporcle, you need to verify the email address you used during registration. Go to your Sporcle Settings to finish the process.